000 00808nam a2200253 a 4500
001 BRL_1719
005 20190320211334.0
008 290514t1976----mx-abe####---#000-0#spa-#
041 _aspa
044 _amx
050 4 _aF1219
_b.C66 13 1976
245 1 0 _aComunicaciones 13 / 1976
_bProyecto Puebla Tlaxcala.
260 _aPuebla, México
_bFundación Alemana para la Investigación Científica
_c1976
300 _a106 p.
_bil., planos
_c28 cm.
_e1 mapa
500 _aAu271.
504 _aIncluye referencias bibliográficas
650 1 4 _aIndígenas de México
_xAntigüedades
_9509
650 1 4 _aGeología
_zMéxico
_95672
651 4 _aMéxico
_xAntigüedades
_92765
651 4 _aPuebla (México : Estado)
_927723
651 4 _aTlaxcala (México : Estado)
_927724
902 _aGRL
942 _2lcc
_cB
999 _c10527
_d10527